[Event "Calabria Province-ch"]
[Site "Catanzaro"]
[Date "2006.06.04"]
[Round "5"]
[White "Rizzuti, Pasquale"]
[Black "Condello, Giuseppe"]
[Result "0-1"]
[WhiteElo "1847"]
[BlackElo "1825"]
[PlyCount "108"]
[EventDate "2006.06.02"]
[EventType "swiss"]
[EventRounds "6"]
[EventCountry "ITA"]
[SourceTitle "EXT 2024"]
[Source "ChessBase"]
[SourceDate "2023.10.10"]
[SourceVersion "1"]
[SourceVersionDate "2023.10.10"]
[SourceQuality "1"]

1. Nf3 d5 2. g3 e6 3. Bg2 c5 4. c4 Nf6 5. 0-0 Nc6 6. e3 Be7 7. b3 0-0 8. Bb2 b6 9. d4 Bb7 10. cxd5 Nxd5 11. dxc5 Bxc5 12. a3 a5 13. Qc1 Rc8 14. Rd1 Qe7 15. Nc3 Na7 16. Qd2 Rfd8 17. Qe2 Nxc3 18. Rxd8+ Rxd8 19. Bxc3 Bxa3 20. Rd1 Rxd1+ 21. Qxd1 Nb5 22. Ba1 f6 23. Qd3 Bc6 24. Qc4 Bd7 25. Bh3 Kf8 26. Kg2 Nd6 27. Qh4 Kg8 28. Qg4 Nf5 29. Qc4 Nd6 30. Qg4 Kf7 31. Qf4 Kg8 32. Qg4 Nf5 33. Qc4 b5 34. Qc7 a4 35. bxa4 bxa4 36. e4 Bd6 37. Qa5 Bb4 38. Qa8+ Kf7 39. exf5 exf5 40. Nd4 g6 41. Qd5+ Kg7 42. Kf3 a3 43. Bf1 Bd2 44. Bc4 Ba4 45. Ne6+ Kh6 46. Qxd2+ g5 47. h4 Bc6+ 48. Bd5 Qxe6 49. hxg5+ fxg5 50. Bxc6 Qxc6+ 51. Ke2 Qe4+ 52. Qe3 Qc2+ 53. Qd2 Qc4+ 54. Kf3 Qe4# 0-1

[Event "Calabria Province-ch"]
[Site "Catanzaro"]
[Date "2006.06.03"]
[Round "3"]
[White "Condello, Giuseppe"]
[Black "Forlano, Luigi"]
[Result "0-1"]
[WhiteElo "1825"]
[BlackElo "2013"]
[PlyCount "76"]
[EventDate "2006.06.02"]
[EventType "swiss"]
[EventRounds "6"]
[EventCountry "ITA"]
[SourceTitle "EXT 2024"]
[Source "ChessBase"]
[SourceDate "2023.10.10"]
[SourceVersion "1"]
[SourceVersionDate "2023.10.10"]
[SourceQuality "1"]

1. b3 d5 2. Bb2 Nf6 3. e3 c6 4. Nf3 e6 5. Be2 Nbd7 6. 0-0 Bd6 7. d4 Qe7 8. Ne5 0-0 9. Nd2 Ne8 10. f4 f6 11. Ng4 e5 12. fxe5 fxe5 13. Rxf8+ Kxf8 14. Qf1+ Kg8 15. Re1 e4 16. Qf5 g6 17. Qf1 h5 18. Nf2 Ndf6 19. c4 Be6 20. cxd5 cxd5 21. Rc1 Ng7 22. Nh3 Rf8 23. Nf4 Ng4 24. Bxg4 Bxg4 25. Qb5 Bxf4 26. exf4 e3 27. Nf3 Bxf3 28. gxf3 Rd8 29. Qe2 Nf5 30. Rd1 Qh4 31. Qg2 Kh8 32. Kh1 Qxf4 33. Rf1 g5 34. Rg1 Nh4 35. Qxg5 Qxf3+ 36. Rg2 Qxg2+ 37. Qxg2 Nxg2 38. Kxg2 Rf8 0-1

[Event "Cutro op-B 11th"]
[Site "Cutro"]
[Date "2005.04.25"]
[Round "2"]
[White "Zavaglia, Giuseppe"]
[Black "Condello, Giuseppe"]
[Result "1/2-1/2"]
[WhiteElo "1730"]
[BlackElo "1861"]
[PlyCount "95"]
[EventDate "2005.04.23"]
[EventType "swiss"]
[EventRounds "5"]
[EventCountry "ITA"]
[SourceTitle "CBM 106 Extra"]
[Source "ChessBase"]
[SourceDate "2005.07.01"]
[SourceVersion "1"]
[SourceVersionDate "2005.07.01"]
[SourceQuality "1"]

1. e4 e6 2. d4 d5 3. Nd2 c5 4. dxc5 Bxc5 5. Nb3 Bb6 6. exd5 exd5 7. Nf3 Bg4 8. Bb5+ Nc6 9. 0-0 Nge7 10. Bg5 f6 11. Bf4 0-0 12. c3 Ne5 13. Be2 N5g6 14. Bg3 Nf5 15. Nbd4 Nxg3 16. hxg3 Re8 17. Re1 Rc8 18. Qd2 Qd6 19. Bb5 Bd7 20. Bxd7 Qxd7 21. Rxe8+ Rxe8 22. Re1 Re4 23. Nc2 Qe6 24. Kf1 Rxe1+ 25. Qxe1 Ne5 26. Nfd4 Qf7 27. Qe2 Qg6 28. f4 Nd7 29. Qe6+ Qf7 30. Qxf7+ Kxf7 31. Nb4 Bxd4 32. cxd4 Nb6 33. b3 h5 34. Ke2 Ke6 35. Kf3 Nc8 36. Nd3 b6 37. g4 hxg4+ 38. Kxg4 Ne7 39. f5+ Kf7 40. Nf4 Nc6 41. Ne2 Ne7 42. Kf4 g6 43. g4 g5+ 44. Ke3 Ke8 45. Ng3 Nc6 46. Ne2 Ke7 47. Kd2 Kd6 48. Kc3 1/2-1/2